000 00618nam a2200205Ia 4500
003 GCL
005 20240530102345.0
008 140319s9999 xx 000 0 ara d
040 _aGCL /
_cGCL
082 0 4 _a811.4
_bخ ش
100 1 _aالخطيب
245 1 0 _aشرح ديوان الحماسة : ابوتمام /
_cالخطيب
260 _a[S.N] :
_bعالم الكتب الحديث
300 _a202
650 0 4 _aالشعر العربى
650 0 4 _aالادب العربى
650 0 4 _aدواوين وقصائد
700 1 _aالتبريزى , ابوزكريا يحيى بن عل
942 _2ddc
_cBK
999 _c31665
_d31665